[Event "Ambelokipi op 153th"]
[Site "Athens"]
[Date "2015.05.20"]
[Round "3"]
[White "Tsiros, Fragkiskos Vlasios"]
[Black "Stefanopoulos, Orestis"]
[Result "1-0"]
[WhiteElo "2209"]
[BlackElo "2117"]
[PlyCount "61"]
[EventDate "2015.05.06"]
[EventType "swiss"]
[EventRounds "7"]
[EventCountry "GRE"]
[SourceTitle "EXT 2024"]
[Source "ChessBase"]
[SourceDate "2023.10.10"]
[SourceVersion "1"]
[SourceVersionDate "2023.10.10"]
[SourceQuality "1"]

1. e4 c6 2. c4 e5 3. Nf3 d6 4. d4 Bg4 5. Be2 Be7 6. 0-0 Bxf3 7. Bxf3 Bg5 8. Nc3 Bxc1 9. Rxc1 Nd7 10. b3 Ne7 11. dxe5 dxe5 12. Qd6 Nc8 13. Qd2 Nc5 14. Qxd8+ Kxd8 15. Bg4 a5 16. Rfd1+ Ke7 17. Na4 Nxa4 18. Rd7+ Kf6 19. bxa4 h5 20. Bh3 g5 21. f3 b6 22. c5 Kg7 23. Rb1 bxc5 24. Rbb7 Rf8 25. Be6 Ra6 26. Rxf7+ Rxf7 27. Rxf7+ Kg6 28. Bxc8 Ra8 29. Rc7 Rb8 30. Rxc6+ Kg7 31. Rxc5 1-0

[Event "Athens Smaok op 10th"]
[Site "Athens"]
[Date "2011.05.03"]
[Round "7"]
[White "Klimis, Laertis"]
[Black "Stefanopoulos, Orestis"]
[Result "0-1"]
[WhiteElo "2053"]
[BlackElo "2202"]
[PlyCount "74"]
[EventDate "2011.03.15"]
[EventType "swiss"]
[EventRounds "7"]
[EventCountry "GRE"]
[SourceTitle "EXT 2024"]
[Source "ChessBase"]
[SourceDate "2023.10.10"]
[SourceVersion "1"]
[SourceVersionDate "2023.10.10"]
[SourceQuality "1"]

1. c4 Nf6 2. Nc3 c5 3. g3 d5 4. cxd5 Nxd5 5. Bg2 Nc7 6. Nf3 Nc6 7. 0-0 e5 8. d3 Be7 9. h4 f6 10. Nd2 Nd4 11. Nde4 0-0 12. e3 Nde6 13. b3 f5 14. Ng5 Nxg5 15. hxg5 Bxg5 16. Ba3 Be7 17. Na4 Rb8 18. Bxc5 Bxc5 19. Nxc5 b6 20. Na4 Ba6 21. Rc1 Ne6 22. Rc6 Re8 23. Nb2 Bb7 24. Rc3 Bxg2 25. Kxg2 Qd5+ 26. f3 f4 27. e4 Qd8 28. g4 h5 29. Rc6 hxg4 30. fxg4 Qh4 31. Rh1 Qg3+ 32. Kf1 f3 33. Rg1 Qh3+ 34. Kf2 Qh2+ 35. Ke3 Qxb2 36. Rc2 Qd4+ 37. Kxf3 Rf8+ 0-1

[Event "Athens Smaok op 10th"]
[Site "Athens"]
[Date "2011.04.21"]
[Round "6"]
[White "Stefanopoulos, Orestis"]
[Black "Kamenets, Anatolij"]
[Result "0-1"]
[WhiteElo "2202"]
[BlackElo "2261"]
[PlyCount "86"]
[EventDate "2011.03.15"]
[EventType "swiss"]
[EventRounds "7"]
[EventCountry "GRE"]
[SourceTitle "EXT 2024"]
[Source "ChessBase"]
[SourceDate "2023.10.10"]
[SourceVersion "1"]
[SourceVersionDate "2023.10.10"]
[SourceQuality "1"]

1. d4 g6 2. e4 Bg7 3. Nc3 c6 4. Bc4 d6 5. Nf3 e6 6. 0-0 Ne7 7. Bf4 b5 8. Bd3 a6 9. Qd2 h6 10. Rfd1 Bb7 11. Ne2 g5 12. Be3 f5 13. exf5 exf5 14. Nxg5 hxg5 15. Bxg5 Bc8 16. Nf4 Kf7 17. Re1 Bf6 18. Bxf6 Kxf6 19. Qe3 Nd5 20. Nxd5+ cxd5 21. Qf3 Qg8 22. Qf4 Qd8 23. g4 Ra7 24. Bxf5 Bxf5 25. Qxf5+ Kg7 26. Qxd5 Rf7 27. Re2 Qf6 28. Rf1 Qf4 29. f3 Nd7 30. Qe4 Qh6 31. g5 Qh5 32. Rg2 Qh4 33. f4 Rhf8 34. Qe6 Rxf4 35. Rxf4 Rxf4 36. c3 Nf8 37. Qe7+ Rf7 38. Qe2 Ng6 39. Rg3 Qf4 40. Re3 Rf5 41. Kh1 Rxg5 42. Rf3 Qg4 43. Qf2 Qe4 0-1

[Event "Athens Smaok op 10th"]
[Site "Athens"]
[Date "2011.04.12"]
[Round "5"]
[White "Koerant, Filipos"]
[Black "Stefanopoulos, Orestis"]
[Result "1/2-1/2"]
[WhiteElo "2059"]
[BlackElo "2214"]
[PlyCount "105"]
[EventDate "2011.03.15"]
[EventType "swiss"]
[EventRounds "7"]
[EventCountry "GRE"]
[SourceTitle "EXT 2024"]
[Source "ChessBase"]
[SourceDate "2023.10.10"]
[SourceVersion "1"]
[SourceVersionDate "2023.10.10"]
[SourceQuality "1"]

1. d4 Nf6 2. c4 c5 3. d5 e6 4. Nc3 exd5 5. cxd5 d6 6. Nf3 g6 7. Qa4+ Nbd7 8. Bf4 a6 9. e4 Rb8 10. Qc2 b5 11. Be2 Nh5 12. Bg5 Be7 13. Bh6 Bf8 14. Bg5 Be7 15. Bh6 Bf8 16. Be3 Bg7 17. Nd2 Nhf6 18. a4 b4 19. Nd1 0-0 20. Nc4 Nb6 21. Nxb6 Qxb6 22. a5 b3 23. Qd2 Qc7 24. f3 Nd7 25. Bh6 Bxh6 26. Qxh6 f5 27. exf5 Rxf5 28. Ne3 Rf7 29. Nc4 Nf6 30. 0-0 Bd7 31. Nb6 Bb5 32. Rfe1 Bxe2 33. Rxe2 Re8 34. Rxe8+ Nxe8 35. Qe3 Qe7 36. Re1 Qxe3+ 37. Rxe3 Nc7 38. Rxb3 Rf4 39. Rd3 Nb5 40. g3 Rb4 41. b3 Nd4 42. Nc4 Nxb3 43. Nxd6 Nxa5 44. Ra3 Nc4 45. Nxc4 Rxc4 46. Rxa6 Rd4 47. Ra8+ Kf7 48. Ra7+ Kg8 49. Rd7 c4 50. Kg2 c3 51. Rc7 Rxd5 52. Rxc3 Rd7 53. g4 1/2-1/2

[Event "Athens Smaok op 10th"]
[Site "Athens"]
[Date "2011.03.15"]
[Round "1"]
[White "Prevenios, Mihail"]
[Black "Stefanopoulos, Orestis"]
[Result "1/2-1/2"]
[WhiteElo "1979"]
[BlackElo "2214"]
[PlyCount "32"]
[EventDate "2011.03.15"]
[EventType "swiss"]
[EventRounds "7"]
[EventCountry "GRE"]
[SourceTitle "EXT 2024"]
[Source "ChessBase"]
[SourceDate "2023.10.10"]
[SourceVersion "1"]
[SourceVersionDate "2023.10.10"]
[SourceQuality "1"]

1. d4 Nf6 2. Nf3 e6 3. Bf4 c5 4. e3 b6 5. Bd3 Bb7 6. c4 cxd4 7. exd4 Be7 8. 0-0 0-0 9. Nc3 d5 10. cxd5 Nxd5 11. Nxd5 Bxd5 12. Rc1 Nc6 13. Ne5 Nxe5 14. Bxe5 f5 15. a3 Bd6 16. Qe2 Bxe5 1/2-1/2

[Event "Athens Acropolis op"]
[Site "Athens"]
[Date "2008.08.17"]
[Round "9"]
[White "Stefanopoulos, Orestis"]
[Black "Papadopoulou, Vera"]
[Result "1/2-1/2"]
[WhiteElo "2279"]
[BlackElo "2210"]
[PlyCount "42"]
[EventDate "2008.08.09"]
[EventType "swiss"]
[EventRounds "9"]
[EventCountry "GRE"]
[SourceTitle "CBM 125 Extra"]
[Source "ChessBase"]
[SourceDate "2008.09.01"]
[SourceVersion "1"]
[SourceVersionDate "2008.09.01"]
[SourceQuality "1"]

1. d4 Nf6 2. Bg5 d5 3. Bxf6 exf6 4. e3 Bd6 5. c4 dxc4 6. Bxc4 f5 7. Nd2 Nd7 8. Ngf3 0-0 9. 0-0 c6 10. Qc2 Nf6 11. Bd3 g6 12. Nc4 Bc7 13. b4 Be6 14. Rfc1 Bd5 15. Rab1 Ne4 16. Rb2 Ng5 17. Nxg5 Qxg5 18. Bf1 Rfe8 19. Ne5 Qe7 20. Nd3 Qh4 21. h3 Rac8 1/2-1/2

[Event "Athens Acropolis op"]
[Site "Athens"]
[Date "2008.08.09"]
[Round "1"]
[White "Parligras, Mircea Emilian"]
[Black "Stefanopoulos, Orestis"]
[Result "1-0"]
[WhiteElo "2588"]
[BlackElo "2279"]
[PlyCount "59"]
[EventDate "2008.08.09"]
[EventType "swiss"]
[EventRounds "9"]
[EventCountry "GRE"]
[SourceTitle "CBM 125 Extra"]
[Source "ChessBase"]
[SourceDate "2008.09.01"]
[SourceVersion "1"]
[SourceVersionDate "2008.09.01"]
[SourceQuality "1"]

1. d4 b6 2. e4 Bb7 3. Bd3 e6 4. Nf3 Nf6 5. Qe2 c5 6. e5 Ng8 7. dxc5 Bxc5 8. Nbd2 d5 9. c3 Nd7 10. 0-0 h5 11. Nb3 Be7 12. Nfd4 Qc7 13. f4 g6 14. Be3 Nh6 15. Nxe6 fxe6 16. Bxg6+ Kd8 17. Nd4 Nf8 18. Qxh5 Nf7 19. Qg4 Bc5 20. Bf2 Bxd4 21. cxd4 Nxg6 22. Qxg6 Qe7 23. f5 Kd7 24. Be3 Raf8 25. fxe6+ Qxe6 26. Rf6 Qe7 27. e6+ Kd8 28. Rxf7 Rxf7 29. Bg5 Rg7 30. Qxg7 1-0

[Event "Athens Acropolis op"]
[Site "Athens"]
[Date "2006.08.14"]
[Round "2"]
[White "Stefanopoulos, Orestis"]
[Black "Vouldis, Angelos"]
[Result "0-1"]
[WhiteElo "2246"]
[BlackElo "2521"]
[PlyCount "118"]
[EventDate "2006.08.13"]
[EventType "swiss"]
[EventRounds "9"]
[EventCountry "GRE"]
[SourceTitle "CBM 113 Extra"]
[Source "ChessBase"]
[SourceDate "2006.09.14"]
[SourceVersion "1"]
[SourceVersionDate "2006.09.14"]
[SourceQuality "1"]

1. d4 Nf6 2. Bg5 Ne4 3. Bf4 c5 4. d5 Qb6 5. Bc1 g6 6. f3 Nd6 7. e4 Bg7 8. Nd2 f5 9. exf5 Nxf5 10. Nc4 Qf6 11. Nh3 b5 12. Bg5 Qd4 13. Qxd4 cxd4 14. Nd2 h6 15. Bf4 g5 16. Bg3 Nxg3 17. hxg3 Bb7 18. Bxb5 Bxd5 19. 0-0-0 Nc6 20. Rhe1 Nb4 21. Bc4 Rc8 22. Bxd5 Nxd5 23. Ne4 0-0 24. Rd2 Ne3 25. g4 Rc6 26. Nhf2 Nxg2 27. Rg1 Ne3 28. Nd1 Nc4 29. Rf2 Ne5 30. Kb1 Rxf3 31. Rxf3 Nxf3 32. Rg3 d5 33. Nef2 Rf6 34. b4 e5 35. Nh3 e4 36. Ng1 Nxg1 37. Rxg1 Rb6 38. a3 a5 39. Nb2 axb4 40. a4 b3 41. cxb3 Rxb3 42. Ka2 Rb8 43. Rc1 d3 44. Nd1 d4 45. Rb1 Ra8 46. Nf2 e3 47. Nxd3 Rxa4+ 48. Kb3 Ra8 49. Kc4 Rc8+ 50. Kd5 Re8 51. Re1 Kh7 52. Nc1 Kg6 53. Kc4 h5 54. gxh5+ Kxh5 55. Kd3 g4 56. Ne2 Kg5 57. Rf1 Ra8 58. Ng3 Ra3+ 59. Ke2 d3+ 0-1

[Event "Aegean op 25th"]
[Site "Aghios Kirykos"]
[Date "2002.07.21"]
[Round "9"]
[White "Stefanopoulos, Orestis"]
[Black "Stoumbos, Konstantinos"]
[Result "1/2-1/2"]
[WhiteElo "2267"]
[BlackElo "2144"]
[PlyCount "58"]
[EventDate "2002.07.13"]
[EventType "swiss"]
[EventRounds "9"]
[EventCountry "GRE"]
[SourceTitle "CBM 089 Extra"]
[Source "ChessBase"]
[SourceDate "2002.09.10"]
[SourceVersion "2"]
[SourceVersionDate "2002.09.10"]
[SourceQuality "1"]

1. e4 c5 2. Nf3 Nc6 3. Bb5 e6 4. 0-0 Nge7 5. b3 Ng6 6. Bb2 f6 7. Bxc6 bxc6 8. e5 fxe5 9. Nxe5 d6 10. Nxg6 hxg6 11. Qg4 g5 12. Qe4 Qc7 13. Qg6+ Qf7 14. Qxg5 e5 15. Qg3 g5 16. Bxe5 dxe5 17. Qxe5+ Be6 18. Qxh8 0-0-0 19. Qc3 Bd6 20. Re1 Rf8 21. Qe3 Bd7 22. Nc3 Qh5 23. h3 g4 24. Ne4 Bf4 25. Qxc5 Rf5 26. Qxa7 gxh3 27. Qa8+ Kc7 28. Qa7+ Kc8 29. Qa8+ Kc7 1/2-1/2

[Event "Aegean op 25th"]
[Site "Aghios Kirykos"]
[Date "2002.07.14"]
[Round "2"]
[White "Ziogas, Paris"]
[Black "Stefanopoulos, Orestis"]
[Result "1/2-1/2"]
[WhiteElo "2046"]
[BlackElo "2267"]
[PlyCount "36"]
[EventDate "2002.07.13"]
[EventType "swiss"]
[EventRounds "9"]
[EventCountry "GRE"]
[SourceTitle "CBM 089 Extra"]
[Source "ChessBase"]
[SourceDate "2002.09.10"]
[SourceVersion "2"]
[SourceVersionDate "2002.09.10"]
[SourceQuality "1"]

1. e4 Nf6 2. e5 Nd5 3. d4 d6 4. c4 Nb6 5. exd6 exd6 6. Nc3 Be7 7. h3 Bf5 8. Nf3 0-0 9. Be2 Re8 10. 0-0 Bf6 11. Be3 Nc6 12. b3 h6 13. Rc1 Ne7 14. d5 Bh7 15. Nd4 Nf5 16. Nxf5 Bxf5 17. Bg4 Bg6 18. Nb5 Nd7 1/2-1/2

[Event "GRE-chT 29th"]
[Site "Athens"]
[Date "2000.07.10"]
[Round "5"]
[White "Stefanopoulos, Orestis"]
[Black "Dorfanis, Ilarion"]
[Result "1/2-1/2"]
[WhiteElo "2276"]
[BlackElo "2139"]
[PlyCount "37"]
[EventDate "2000.07.06"]
[EventType "team"]
[EventRounds "8"]
[EventCountry "GRE"]
[SourceTitle "EXT 2001"]
[Source "ChessBase"]
[SourceDate "2000.11.22"]
[SourceVersion "1"]
[SourceVersionDate "2000.11.22"]
[SourceQuality "1"]

1. e4 c5 2. Nf3 d6 3. c3 Nf6 4. Be2 Nbd7 5. d3 e6 6. 0-0 Be7 7. Nbd2 0-0 8. d4 b6 9. Bd3 Qc7 10. Qe2 Bb7 11. e5 Ne8 12. Re1 cxd4 13. cxd4 dxe5 14. dxe5 Nc5 15. Bc4 a6 16. a3 b5 17. Ba2 Rd8 18. Bb1 Qd7 19. b4 1/2-1/2

[Event "GRE-chT 29th"]
[Site "Athens"]
[Date "2000.07.08"]
[Round "3"]
[White "Tsivelekidis, Georgios"]
[Black "Stefanopoulos, Orestis"]
[Result "1/2-1/2"]
[WhiteElo "2117"]
[BlackElo "2276"]
[PlyCount "96"]
[EventDate "2000.07.06"]
[EventType "team"]
[EventRounds "8"]
[EventCountry "GRE"]
[SourceTitle "EXT 2001"]
[Source "ChessBase"]
[SourceDate "2000.11.22"]
[SourceVersion "1"]
[SourceVersionDate "2000.11.22"]
[SourceQuality "1"]

1. c4 e5 2. Nc3 Nc6 3. g3 g6 4. Bg2 Bg7 5. d3 Nf6 6. e3 d6 7. Nge2 0-0 8. 0-0 Ng4 9. Rb1 a5 10. a3 Ne7 11. b4 axb4 12. axb4 c6 13. Qb3 Be6 14. b5 Qd7 15. Ba3 Nf6 16. Na4 Rad8 17. Bb2 cxb5 18. Nb6 Qe8 19. Qxb5 Qxb5 20. cxb5 Ned5 21. Nxd5 Nxd5 22. d4 b6 23. Rfc1 f5 24. dxe5 dxe5 25. Rc6 Rfe8 26. Rd1 e4 27. Bxg7 Kxg7 28. Nd4 Bf7 29. Bf1 Rb8 30. Bc4 Red8 31. Bxd5 Rxd5 32. Rc7 Kg8 33. Ra1 Rc5 34. Raa7 Rxc7 35. Rxc7 Bd5 36. h3 Rb7 37. Rc8+ Kg7 38. g4 fxg4 39. hxg4 h5 40. Rd8 Bc4 41. gxh5 gxh5 42. Re8 Bd3 43. Re5 Kg6 44. Kh2 Rf7 45. Kg3 h4+ 46. Kxh4 Rxf2 47. Kg3 Rf1 48. Re6+ Kg5 1/2-1/2

[Event "Ikaros op"]
[Site "Ikaros"]
[Date "1999.08.14"]
[Round "1"]
[White "Stefanopoulos, Orestis"]
[Black "Novikov, Igor A"]
[Result "0-1"]
[WhiteElo "2254"]
[BlackElo "2614"]
[PlyCount "62"]
[EventDate "1999.08.14"]
[EventType "swiss"]
[EventRounds "9"]
[EventCountry "GRE"]
[SourceTitle "EXT 2000"]
[Source "ChessBase"]
[SourceDate "1999.11.16"]
[SourceVersion "1"]
[SourceVersionDate "1999.11.16"]
[SourceQuality "1"]

1. e4 c5 2. Nf3 d6 3. c3 Nf6 4. Be2 Nbd7 5. d3 b6 6. 0-0 Bb7 7. Nbd2 g6 8. d4 cxd4 9. cxd4 Bg7 10. e5 dxe5 11. dxe5 Nd5 12. e6 fxe6 13. Ne4 Nc7 14. Qc2 0-0 15. Rd1 Bd5 16. h4 Rc8 17. Qb1 Qe8 18. Be3 Nf6 19. Ng3 Ng4 20. Bg5 Qf7 21. Ne4 Ne8 22. h5 gxh5 23. Bh4 Qg6 24. Bd3 Rxf3 25. Nf6+ Rxf6 26. Bxg6 Rxg6 27. Rc1 Rxc1+ 28. Qxc1 Ne5 29. Qc8 Kf7 30. g3 Nf3+ 31. Kf1 Bc4+ 0-1

[Event "Korinthos op 3rd"]
[Site "Korinthos"]
[Date "1999.07.27"]
[Round "4"]
[White "Drazic, Sinisa"]
[Black "Stefanopoulos, Orestis"]
[Result "1-0"]
[WhiteElo "2493"]
[BlackElo "2254"]
[PlyCount "141"]
[EventDate "1999.07.27"]
[EventType "swiss"]
[EventRounds "9"]
[EventCountry "GRE"]
[SourceTitle "EXT 2000"]
[Source "ChessBase"]
[SourceDate "1999.11.16"]
[SourceVersion "1"]
[SourceVersionDate "1999.11.16"]
[SourceQuality "1"]

1. d4 Nf6 2. c3 e6 3. Bg5 d5 4. Nd2 Be7 5. Ngf3 Nbd7 6. e3 h6 7. Bh4 0-0 8. Bd3 c5 9. 0-0 b6 10. Ne5 Nxe5 11. dxe5 Nd7 12. Bxe7 Qxe7 13. f4 Bb7 14. Qh5 f5 15. g4 c4 16. Bc2 Qe8 17. Qxe8 Raxe8 18. gxf5 exf5 19. Nf3 Nc5 20. Nd4 Ne4 21. Bxe4 dxe4 22. Nb5 Bc6 23. Nd6 Re7 24. a4 Bd5 25. Rfd1 Be6 26. Kf2 a6 27. Rg1 Kh7 28. h4 g6 29. h5 gxh5 30. Rg2 Rg7 31. Rxg7+ Kxg7 32. Kg3 Rg8 33. Kh3 Kf8 34. a5 b5 35. Kh2 Ke7 36. Rg1 Rg4 37. Rg3 Bd7 38. Rg2 Rh4+ 39. Kg3 Rh1 40. Rh2 Re1 41. Kf2 Rb1 42. Kg3 Re1 43. Rxh5 Rxe3+ 44. Kf2 Rf3+ 45. Ke2 Rxf4 46. Rxh6 Rg4 47. Nb7 Bc8 48. Nc5 Rg2+ 49. Ke3 Rg3+ 50. Kf2 Rg7 51. Rh8 Bd7 52. Ra8 f4 53. Nxe4 Ke6 54. Rxa6+ Kxe5 55. Nd2 Bh3 56. Nf3+ Ke4 57. Ne1 Rd7 58. Nf3 Bg4 59. Nd4 b4 60. Rg6 bxc3 61. bxc3 Bf5 62. Rf6 Bg4 63. Rg6 Bd1 64. Rg1 Ra7 65. Re1+ Kd3 66. Rxd1+ Ke4 67. Ra1 Kd3 68. a6 Ra8 69. Nb5 Kc2 70. a7 Kb2 71. Ra5 1-0

[Event "GRE-ch 48th"]
[Site "Athens"]
[Date "1998.12.21"]
[Round "9"]
[White "Halkias, Stelios"]
[Black "Stefanopoulos, Orestis"]
[Result "1-0"]
[WhiteElo "2435"]
[BlackElo "2320"]
[PlyCount "91"]
[EventDate "1998.12.08"]
[EventType "tourn"]
[EventRounds "11"]
[EventCountry "GRE"]
[EventCategory "7"]
[SourceTitle "CBM 069"]
[Source "ChessBase"]
[SourceDate "1999.04.01"]
[SourceVersion "1"]
[SourceVersionDate "1999.04.01"]
[SourceQuality "1"]

1. d4 Nf6 2. c4 c5 3. d5 e6 4. Nc3 exd5 5. cxd5 d6 6. e4 g6 7. Nf3 Bg7 8. Bg5 h6 9. Bh4 a6 10. Nd2 b5 11. Be2 0-0 12. Qc2 Re8 13. 0-0 Nbd7 14. a4 b4 15. Nd1 b3 16. Qb1 Rb8 17. f4 Qc7 18. Nc3 Rb4 19. Kh1 Nb6 20. a5 Nbd7 21. Nc4 Qb8 22. Qd3 Nh7 23. Bg3 Bd4 24. Rae1 Bb7 25. Bf3 Ba8 26. Re2 Kg7 27. Rfe1 f6 28. h4 h5 29. f5 Ne5 30. Bxe5 fxe5 31. fxg6 Nf6 32. Ne3 Bxe3 33. Qxe3 Qd8 34. Rf1 Rh8 35. Ref2 Rb7 36. Be2 Ng4 37. Bxg4 hxg4 38. g3 Kxg6 39. Qe2 Qd7 40. Rf5 Rh6 41. Nd1 Kh7 42. Ne3 Qg7 43. Nxg4 Rg6 44. Nf6+ Kh8 45. Ne8 Qh6 46. Rh5 1-0

[Event "GRE-ch 48th"]
[Site "Athens"]
[Date "1998.12.08"]
[Round "1"]
[White "Stefanopoulos, Orestis"]
[Black "Anagnostopoulos, Dimitrios"]
[Result "0-1"]
[WhiteElo "2320"]
[BlackElo "2445"]
[PlyCount "94"]
[EventDate "1998.12.08"]
[EventType "tourn"]
[EventRounds "11"]
[EventCountry "GRE"]
[EventCategory "7"]
[SourceTitle "CBM 069"]
[Source "ChessBase"]
[SourceDate "1999.04.01"]
[SourceVersion "1"]
[SourceVersionDate "1999.04.01"]
[SourceQuality "1"]

1. e4 c5 2. Nf3 d6 3. c3 Nf6 4. Be2 g6 5. 0-0 Bg7 6. Bb5+ Bd7 7. Bxd7+ Qxd7 8. Re1 0-0 9. d4 Na6 10. a4 Rac8 11. d5 Rfe8 12. Na3 e6 13. dxe6 Rxe6 14. Ng5 Re7 15. f3 h6 16. Nh3 d5 17. exd5 Rxe1+ 18. Qxe1 Nxd5 19. Nc4 Re8 20. Qd1 Qe6 21. Qf1 Nac7 22. Nf4 Qc6 23. Bd2 b6 24. Qd3 a6 25. Nxd5 Nxd5 26. Rd1 Qxa4 27. Bxh6 Nxc3 28. bxc3 Bxh6 29. Nxb6 Qa2 30. Qc4 Qc2 31. Qa4 Qe2 32. Nd5 Re5 33. c4 Bg7 34. Qb3 Re8 35. h3 Bd4+ 36. Rxd4 Qe1+ 37. Kh2 cxd4 38. Nf6+ Kg7 39. Nxe8+ Qxe8 40. Qb2 Qe5+ 41. g3 Qe3 42. h4 Qc3 43. Qa2 d3 44. Kh3 d2 45. Qb1 Qc1 46. Qb8 d1Q 47. Qe5+ Kh7 0-1

[Event "Panormo zt"]
[Site "Panormo"]
[Date "1998.10.28"]
[Round "5"]
[White "Stefanopoulos, Orestis"]
[Black "Kovacevic, Aleksandar"]
[Result "0-1"]
[WhiteElo "2320"]
[BlackElo "2495"]
[PlyCount "134"]
[EventDate "1998.10.24"]
[EventType "swiss"]
[EventRounds "11"]
[EventCountry "GRE"]
[SourceTitle "CBM 067 Extra"]
[Source "ChessBase"]
[SourceDate "1999.01.01"]
[SourceVersion "1"]
[SourceVersionDate "1999.01.01"]
[SourceQuality "1"]

1. e4 c5 2. Nf3 d6 3. c3 Nf6 4. Be2 Nbd7 5. d3 b6 6. 0-0 Bb7 7. Nbd2 g6 8. d4 Qc7 9. e5 dxe5 10. dxe5 Nd5 11. e6 fxe6 12. Ng5 Qc6 13. Bf3 h6 14. Nh3 Ne5 15. Be4 Qc7 16. f4 Ne3 17. Qe2 Nxf1 18. fxe5 Nxd2 19. Bxg6+ Kd7 20. Bxd2 Bg7 21. Rd1 Kc8 22. Re1 Rd8 23. Nf4 Bxe5 24. Nxe6 Rxd2 25. Qxd2 Qd6 26. Qxd6 exd6 27. Bf5 Kb8 28. Re3 Bd5 29. Rh3 Kb7 30. Rxh6 Rg8 31. Rh7+ Kb8 32. g4 Bxa2 33. h4 d5 34. Rd7 Re8 35. g5 d4 36. Nd8 Bc7 37. Nc6+ Kb7 38. Ne7 dxc3 39. bxc3 a5 40. h5 a4 41. h6 a3 42. h7 Bb3 43. Bb1 Be6 44. Rxc7+ Kxc7 45. g6 Rh8 46. Kf2 a2 47. Bxa2 Bxa2 48. Kg3 Kd7 49. Nf5 Bg8 50. hxg8Q Rxg8 51. g7 b5 52. Kf4 b4 53. cxb4 cxb4 54. Ke4 b3 55. Kd3 Rc8 56. g8Q Rxg8 57. Kc3 Rb8 58. Kb2 Kc6 59. Nd4+ Kc5 60. Nf3 Kb4 61. Nd4 Rg8 62. Nc6+ Ka4 63. Nd4 Rg2+ 64. Kb1 Kb4 65. Ka1 Rd2 66. Nf3 Rf2 67. Ng5 Ka3 0-1

[Event "Panormo zt"]
[Site "Panormo"]
[Date "1998.10.24"]
[Round "1"]
[White "Stefanopoulos, Orestis"]
[Black "Velimirovic, Dragoljub"]
[Result "0-1"]
[WhiteElo "2320"]
[BlackElo "2535"]
[PlyCount "82"]
[EventDate "1998.10.24"]
[EventType "swiss"]
[EventRounds "11"]
[EventCountry "GRE"]
[SourceTitle "CBM 067 Extra"]
[Source "ChessBase"]
[SourceDate "1999.01.01"]
[SourceVersion "1"]
[SourceVersionDate "1999.01.01"]
[SourceQuality "1"]

1. e4 c5 2. Nf3 d6 3. c3 Nf6 4. Be2 Nc6 5. d4 cxd4 6. cxd4 d5 7. e5 Ne4 8. 0-0 e6 9. Ne1 f5 10. f3 Ng5 11. Nc3 Be7 12. Be3 0-0 13. Qd2 Kh8 14. Rc1 f4 15. Bf2 Nf7 16. a3 Nh6 17. Na4 Na5 18. Qd1 b6 19. Nc3 Bb7 20. Qa4 a6 21. b4 Nc4 22. Bxc4 dxc4 23. Ne4 Nf5 24. Qd1 a5 25. b5 Bxa3 26. Rxc4 Bd5 27. Ra4 Bb4 28. Nd3 Ne3 29. Bxe3 fxe3 30. Nxb4 axb4 31. Rxb4 Bxe4 32. fxe4 Ra2 33. Rc4 Rxf1+ 34. Qxf1 h6 35. d5 Rf2 36. Qe1 Qg5 37. g3 Qh5 38. Qxf2 exf2+ 39. Kxf2 exd5 40. exd5 Qxe5 41. Rc8+ Kh7 0-1